000 00469nam a2200169Ia 4500
008 090711s9999 xx 000 0 und d
082 _b70189
100 _aकवळी प्रकाश
245 _aउपेक्षिता
260 _c1988
300 _a60
600 _aकवळी प्रकाश
630 _aउपेक्षिता
700 _aकवळी प्रकाश
730 _aउपेक्षिता
942 _cBOOK
999 _c302961
_d302961